Jo's boys / (Record no. 79831)
[ view plain ]
| 000 -LEADER | |
|---|---|
| fixed length control field | 00794nam a2200265 a 4500 |
| 001 - CONTROL NUMBER | |
| control field | 79831 |
| 003 - CONTROL NUMBER IDENTIFIER | |
| rucl marc code | BD-RjUL |
| 005 - DATE AND TIME OF LATEST TRANSACTION | |
| control field | 20220523112253.0 |
| 008 - FIXED-LENGTH DATA ELEMENTS--GENERAL INFORMATION | |
| fixed length control field | 150528b enk j 000|1|eng|d |
| 035 ## - SYSTEM CONTROL NUMBER | |
| System control number | (BD-RjUL)79831 |
| 040 ## - CATALOGING SOURCE | |
| Original cataloging agency | StDuBDS |
| Language of cataloging | eng |
| Description conventions | rda |
| Transcribing agency | StDuBDS |
| Modifying agency | Uk |
| -- | BD-RjUL |
| -- | UkOxU |
| 041 ## - LANGUAGE CODE | |
| Language code of text/sound track or separate title | eng |
| 082 04 - DEWEY DECIMAL CLASSIFICATION NUMBER | |
| Edition number | 23 |
| Classification number | 813.4 |
| Author mark and year | ALJ |
| 100 1# - MAIN ENTRY--PERSONAL NAME | |
| Personal name | Alcott, Louisa May, |
| Dates associated with a name | 1832-1888, |
| Relator term | author. |
| 9 (RLIN) | 3126 |
| 245 10 - TITLE STATEMENT | |
| Title | Jo's boys / |
| Statement of responsibility, etc. | Louisa May Alcott. |
| 264 #1 - PRODUCTION, PUBLICATION, DISTRIBUTION, MANUFACTURE, AND COPYRIGHT NOTICE | |
| Place of production, publication, distribution, manufacture | London : |
| Name of producer, publisher, distributor, manufacturer | Blackie & Ltd., |
| 300 ## - PHYSICAL DESCRIPTION | |
| Pagination | 304 pages ; |
| Size | 18 cm |
| 336 ## - CONTENT TYPE | |
| Content type term | text |
| Source | rdacontent |
| 337 ## - MEDIA TYPE | |
| Media type term | unmediated |
| Source | rdamedia |
| 338 ## - CARRIER TYPE | |
| Carrier type term | volume |
| Source | rdacarrier |
| 600 10 - SUBJECT ADDED ENTRY--PERSONAL NAME | |
| Personal name | March, Jo |
| Titles and other words associated with a name | (Fictitious character) |
| 650 #0 - SUBJECT ADDED ENTRY--TOPICAL TERM | |
| Topical term or geographic name as entry element | March family (Fictitious characters) |
| Form subdivision | Juvenile fiction. |
| 9 (RLIN) | 3128 |
| 942 ## - ADDED ENTRY ELEMENTS (KOHA) | |
| Source of classification or shelving scheme | Dewey Decimal Classification |
| Koha item type | Books |
| Lost status | Source of classification or shelving scheme | Damaged status | Not for loan | Collection code | Permanent Location | Current Location | Shelving location | Date acquired | Cost, normal purchase price | Total Checkouts | Full call number | Date last seen | Copy number | Koha item type |
|---|---|---|---|---|---|---|---|---|---|---|---|---|---|---|
| Dewey Decimal Classification | Not For Loan | Non-fiction | Central Library, University of Rajshahi | Central Library, University of Rajshahi | Reading Room | 03/08/1968 | 6.00 | 813.4 ALJ | 23/05/2022 | C-1 | Books |